| 000 | 04272cam a2200469 a 4500 | ||
|---|---|---|---|
| 999 |
_c27453 _d27453 |
||
| 001 | ocn281599095 | ||
| 003 | OCoLC | ||
| 005 | 20240801165021.0 | ||
| 006 | m o d | ||
| 007 | cr cn||||||||| | ||
| 008 | 081212s2008 ne ae ob 001 0 eng d | ||
| 020 | _a9780750689878 | ||
| 020 | _a0750689870 | ||
| 020 |
_a9780080560090 _q(electronic bk.) |
||
| 020 |
_a0080560091 _q(electronic bk.) |
||
| 035 |
_a(OCoLC)281599095 _z(OCoLC)316065376 _z(OCoLC)427511368 _z(OCoLC)646774046 _z(OCoLC)972505915 _z(OCoLC)984776360 _z(OCoLC)992094634 _z(OCoLC)1037691553 _z(OCoLC)1038666842 _z(OCoLC)1055384089 _z(OCoLC)1076306488 _z(OCoLC)1081257468 _z(OCoLC)1103261320 _z(OCoLC)1129345158 _z(OCoLC)1152980521 _z(OCoLC)1192348314 _z(OCoLC)1228544078 _z(OCoLC)1240508831 |
||
| 040 |
_aOPELS _beng _epn _cOPELS _dOPELS _dOCLCQ _dOCLCF _dN$T _dE7B _dB24X7 _dKNOVL _dEBLCP _dZCU _dCOO _dKNOVL _dYDXCP _dDEBSZ _dNNO _dOCLCQ _dSTF _dICA _dMERUC _dOCLCQ _dCOCUF _dLOA _dK6U _dCNNOR _dOCLCQ _dPIFAG _dFVL _dOCLCQ _dD6H _dWRM _dVTS _dRRP _dICG _dVT2 _dOCLCQ _dA6Q _dMERER _dLEAUB _dOCLCQ _dDKC _dOCLCQ _dOL$ _dOCLCQ _dEYM _dOCLCO _dOCLCQ _dOCLCO |
||
| 050 | 4 |
_aVM145 _b.M38 2008eb |
|
| 072 | 7 |
_aTRA _x006020 _2bisacsh |
|
| 072 | 7 |
_aTEC _x060000 _2bisacsh |
|
| 082 | 0 | 4 |
_a623.81 _222 |
| 245 | 0 | 4 |
_aThe maritime engineering reference book : _ba guide to ship design, construction and operation / _cedited by Anthony F. Molland. |
| 260 |
_aAmsterdam ; _aBoston ; _aLondon : _bButterworth-Heinemann, _c�2008. |
||
| 300 |
_a1 online resource (xviii, 902 pages) : _billustrations, plans |
||
| 336 |
_atext _btxt _2rdacontent |
||
| 337 |
_acomputer _bc _2rdamedia |
||
| 338 |
_aonline resource _bcr _2rdacarrier |
||
| 504 | _aIncludes bibliographical references and index. | ||
| 505 | 0 | _aThe marine environment -- Marine vehicle types -- Flotation and stability -- Ship structures -- Powering -- Marine engines and auxiliary machinery -- Seakeeping -- Manoeuvring -- Ship design, construction and operation -- Underwater vehicles -- Marine safety -- Glossary of terms and definitions. | |
| 520 | _aThe Maritime Engineering Reference Book is a one-stop source for engineers involved in marine engineering and naval architecture. In this essential reference, Anthony F. Molland has brought together the work of a number of the world's leading writers in the field to create an inclusive volume for a wide audience of marine engineers, naval architects and those involved in marine operations, insurance and other related fields. Coverage ranges from the basics to more advanced topics in ship design, construction and operation. All the key areas are covered, including ship flotation and stability, ship structures, propulsion, seakeeping and maneuvering. The marine environment and maritime safety are explored as well as new technologies, such as computer aided ship design and remotely operated vehicles (ROVs). Facts, figures and data from world-leading experts makes this an invaluable ready-reference for those involved in the field of maritime engineering. Professor A.F. Molland, BSc, MSc, PhD, CEng, FRINA. is Emeritus Professor of Ship Design at the University of Southampton, UK. He has lectured ship design and operation for many years. He has carried out extensive research and published widely on ship design and various aspects of ship hydrodynamics. * A comprehensive overview from best-selling authors including Bryan Barrass, Rawson and Tupper, and David Eyres * Covers basic and advanced material on marine engineering and Naval Architecture topics * Have key facts, figures and data to hand in one complete reference book. | ||
| 588 | 0 | _aPrint version record. | |
| 650 | 0 | _aNaval architecture. | |
| 650 | 6 |
_aArchitecture navale. _0(CaQQLa)201-0019688 |
|
| 650 | 7 |
_anaval architecture. _2aat _0(CStmoGRI)aat300054159 |
|
| 650 | 7 |
_aTRANSPORTATION _xShips & Shipbuilding _xPictorial. _2bisacsh |
|
| 650 | 7 |
_aTECHNOLOGY & ENGINEERING _xMarine & Naval. _2bisacsh |
|
| 650 | 7 |
_aNaval architecture _2fast _0(OCoLC)fst01034917 |
|
| 700 | 1 | _aMolland, Anthony F. | |
| 776 | 0 | 8 |
_iPrint version: _tMaritime engineering reference book. _dAmsterdam ; Boston ; London : Butterworth-Heinemann, �2008 _z9780750689878 _z0750689870 _w(OCoLC)213839547 |
| 856 | 4 | 0 |
_3ScienceDirect _uhttps://www.sciencedirect.com/science/book/9780750689878 |
| 942 |
_2ddc _cEBK |
||